10 Najwartościowszych Portugalczyków - Statystyki

Ogólne statystyki
  • Ten quiz został rozwiązany 114 razy
  • Średni wynik to 5 z 10
Statystyki odpowiedzi
Wartość Piłkarz % Poprawnych
60 mln Ronaldo
100%
80 mln Silva
75%
81 mln Felix
73%
48 mln Fernandes
61%
36 mln Cancelo
50%
32 mln Dias
47%
28 mln Guerreiro
31%
40 mln Neves
28%
30,5 mln Semedo
28%
32 mln Pereira
27%
Nie znaleziono quizów pasujących do podanych kryteriów
Rozkład punktacji
Procent ludzi z każdym wynikiem
Percentyl według liczby udzielonych odpowiedzi
Twoja historia wyników
Nie rozwiązałeś tego quizu